=LDR 00000nam 2200000 4500 =001 INLIS000000000040830 =005 20130612150404 =008 ***********************************ind** =035 ##$$0010-061300000040830 =041 ##$$a ind =082 ##$$a 808.83 =090 ##$$a 808.83, Ell p =100 ##$$a Ellis, Deborah =245 ##$$a Parvana, Lembah hijau/ Deborah Ellis; Penerjemah,Adzimattinur Siregar =260 ##$$a 2002 $b Jakarta =300 ##$$a 169 hlm., 22 cm =650 ##$$a Fiksi =700 ##$$a Siregar, Adzimattinur =850 ##$$a NBPNMAT =990 ##$$a 92001/BPAP-NTB/2014 =990 ##$$a 21400613/BPAP-NTB/20142014 =990 ##$$a 0001/BPAP-NTB/2016